Prowincje pruskie - Quiz na Mapie - Statystyki

Ogólne statystyki
  • Ten quiz został rozwiązany 614 razy
  • Średni wynik to 10 z 14
Odpowiedzi na mapie
Odpowiedzi zakodowano w zielono-czerwonej skali na mapie do tego quizu, zgodnie z poniższymi procentami.
 
Statystyki odpowiedzi
Odpowiedź % Poprawnych
Schlesien
Śląsk
89%
Berlin
87%
Posen
Wielkie Księstwo Poznańskie
85%
Pommern
Pomorze
83%
Brandenburg
Brandenburgia
82%
Ostpreußen
Prusy Wschodnie
79%
Schleswig-Holstein
Szlezwik-Holsztyn
77%
Sachsen
Saksonia
73%
Rheinland
Nadrenia
69%
Hannover
Hanower
63%
Hessen-Nassau
Hesja-Nassau
59%
Hohenzollern
Kraj Hohenzollernów
58%
Westpreußen
Prusy Zachodnie
58%
Westfalen
Westfalia
51%
Nie znaleziono quizów pasujących do podanych kryteriów
Rozkład punktacji
Procent ludzi z każdym wynikiem
Percentyl według liczby udzielonych odpowiedzi
Twoja historia wyników
Nie rozwiązałeś tego quizu